Report writing on banking in Bhutan / (Record no. 1842)

MARC details
000 -LEADER
fixed length control field 00633nam a2200169 4500
001 - CONTROL NUMBER
control field 2314
005 - DATE AND TIME OF LATEST TRANSACTION
control field 20181127164926.0
020 00 - INTERNATIONAL STANDARD BOOK NUMBER
International Standard Book Number
090 00 - LOCALLY ASSIGNED LC-TYPE CALL NUMBER (OCLC); LOCAL CALL NUMBER (RLIN)
Classification number (OCLC) (R) ; Classification number, CALL (RLIN) (NR) 336.5498 B2184r 2011
245 00 - TITLE STATEMENT
Title Report writing on banking in Bhutan /
Remainder of title
Statement of responsibility, etc. Chandra Mongar, Dechen Yangchen, Dechen Wangmo, Dechen Zam, Jamyang Tshering, Jigme Choden.
Medium
250 00 - EDITION STATEMENT
Edition statement
260 00 - PUBLICATION, DISTRIBUTION, ETC.
Place of publication, distribution, etc. [Thimphu] :
Name of publisher, distributor, etc. [Royal Thimphu College],
Date of publication, distribution, etc. 2011.
300 00 - PHYSICAL DESCRIPTION
Extent 13 leaves.
500 ## - GENERAL NOTE
General note Student research project for BCOM 504: Financial market in Bhutan (Fall 2011); Bodhisattwa Choudhury, lecturer.
General note Spiral-bound xerographic copy.
650 00 - SUBJECT ADDED ENTRY--TOPICAL TERM
Topical term or geographic name entry element Banks and banking --Bhutan.
General subdivision
Holdings
Withdrawn status Lost status Damaged status Not for loan Collection code Home library Current library Shelving location Serial Enumeration / chronology Inventory number Total Checkouts Full call number Barcode Date last seen Price effective from Koha item type
        STORAGE RTC Library RTC Library STORAGE 4818   336.5498 B2184r 2011STORAGE 30006159 27/11/2018 27/11/2018 Storage
Royal Thimphu College || All Right Reserved